[Event "20th EUR-ch"]
[Site "Skopje MKD"]
[Date "2019.03.29"]
[Round "11"]
[White "Rakhmanov, Alexander"]
[Black "Cheparinov, Ivan"]
[Result "1/2-1/2"]
[WhiteElo "2629"]
[BlackElo "2683"]
[EventDate "2019.03.18"]
[Board "6"]
[PlyCount "43"]

1.Nf3 d5 2.g3 Nf6 3.Bg2 e6 4.O-O Be7 5.d4 O-O 6.c4 dxc4 7.Qc2 b6 8.Qxc4 
Bb7 9.Bg5 Nbd7 10.Nc3 c5 11.Rfd1 Qc8 12.Rac1 h6 13.Bxf6 Nxf6 14.dxc5 Bxc5 
15.Ne5 Bxg2 16.Kxg2 Qb7+ 17.f3 Rac8 18.Qa4 Be3 19.Rb1 a6 20.Nd7 Nxd7 21.
Rxd7 Qc6 22.Qxc6 1/2-1/2

[Event "20th EUR-ch"]
[Site "Skopje MKD"]
[Date "2019.03.29"]
[Round "11"]
[White "Safarli, Eltaj"]
[Black "Blubaum, Matthias"]
[Result "1-0"]
[WhiteElo "2662"]
[BlackElo "2616"]
[EventDate "2019.03.18"]
[Board "8"]
[PlyCount "57"]

1.e4 e6 2.d4 d5 3.Nd2 c5 4.Ngf3 cxd4 5.Nxd4 Nc6 6.Bb5 Bd7 7.Nxc6 bxc6 8.
Bd3 Qc7 9.Qe2 Ne7 10.Nf3 Ng6 11.e5 f6 12.Bxg6+ hxg6 13.O-O Kf7 14.c4 Be7 
15.Bf4 Qb6 16.h4 d4 17.b4 a5 18.Rad1 axb4 19.Rxd4 Rad8 20.exf6 gxf6 21.Be5
fxe5 22.Nxe5+ Kg7 23.Rxd7 Rxd7 24.Qg4 Rh6 25.Nxd7 Qc7 26.Qxe6 Bxh4 27.g3 
Qd8 28.Re1 Qg5 29.Kf1 1-0

[Event "20th EUR-ch"]
[Site "Skopje MKD"]
[Date "2019.03.29"]
[Round "11"]
[White "Lupulescu, Constantin"]
[Black "Gelfand, Boris"]
[Result "1/2-1/2"]
[WhiteElo "2611"]
[BlackElo "2655"]
[EventDate "2019.03.18"]
[Board "10"]
[PlyCount "59"]

1.d4 Nf6 2.Nf3 d5 3.g3 g6 4.Bg2 Bg7 5.O-O O-O 6.c4 dxc4 7.Na3 c5 8.Nxc4 
Be6 9.b3 Nc6 10.Bb2 cxd4 11.Nxd4 Nxd4 12.Qxd4 Qxd4 13.Bxd4 Rfd8 14.Rad1 
Nd5 15.Bxg7 Kxg7 16.Rd2 Nb6 17.Nxb6 axb6 18.Rfd1 Rxd2 19.Rxd2 Ra7 20.f4 f5
21.Kf2 b5 22.Bd5 Kf7 23.Ke3 b6 24.Bc6 b4 25.Rd4 Rxa2 26.Rxb4 Ra3 27.Ba4 b5
28.Rxb5 Bd7 29.Rb4 Bxa4 30.Rxa4 1/2-1/2

[Event "20th EUR-ch"]
[Site "Skopje MKD"]
[Date "2019.03.29"]
[Round "11"]
[White "Petrov, Nikita"]
[Black "Zviagintsev, Vadim"]
[Result "1/2-1/2"]
[WhiteElo "2591"]
[BlackElo "2642"]
[EventDate "2019.03.18"]
[Board "11"]
[PlyCount "60"]

1.e4 c5 2.Nf3 e6 3.c3 Nf6 4.e5 Nd5 5.d4 cxd4 6.cxd4 d6 7.Bc4 Be7 8.O-O O-O
9.Bd2 dxe5 10.dxe5 Nb6 11.Bb3 Bd7 12.Qe2 Ba4 13.Bxa4 Nxa4 14.Nc3 Nxc3 15.
Bxc3 Nc6 16.Rfd1 Qc7 17.Nd4 Rad8 18.Nxc6 Qxc6 19.h3 h6 20.Rxd8 Rxd8 21.Rd1
Rxd1+ 22.Qxd1 b6 23.Qd4 a5 24.a4 Bc5 25.Qd8+ Kh7 26.Qd3+ Kg8 27.Qd8+ Kh7 
28.Qd3+ g6 29.b3 Kg7 30.Bd2 Bb4 1/2-1/2

[Event "20th EUR-ch"]
[Site "Skopje MKD"]
[Date "2019.03.29"]
[Round "11"]
[White "Lysyi, Igor"]
[Black "Alexandrov, Alexei"]
[Result "1/2-1/2"]
[WhiteElo "2635"]
[BlackElo "2574"]
[EventDate "2019.03.18"]
[Board "12"]
[PlyCount "63"]

1.d4 d5 2.c4 e6 3.Nf3 Nf6 4.g3 Be7 5.Bg2 O-O 6.O-O dxc4 7.Ne5 Nc6 8.Bxc6 
bxc6 9.Nxc6 Qe8 10.Nxe7+ Qxe7 11.Qc2 c5 12.Rd1 cxd4 13.Rxd4 Ba6 14.Bg5 h6 
15.Bxf6 Qxf6 16.Rd6 Bb7 17.Nc3 Rfc8 18.Rad1 Qe5 19.R1d4 Bc6 20.Qd2 Be8 21.
Nd1 Rab8 22.Ne3 Bb5 23.Qa5 Qh5 24.f3 Qg6 25.Kf2 Qb1 26.a4 Be8 27.Rxc4 Rxc4
28.Nxc4 Qh1 29.Qh5 Bxa4 30.Qh4 Bb5 31.Ne5 a6 32.Rd2 1/2-1/2

[Event "20th EUR-ch"]
[Site "Skopje MKD"]
[Date "2019.03.29"]
[Round "11"]
[White "Christiansen, Johan-Sebastian"]
[Black "Fridman, Daniel"]
[Result "1/2-1/2"]
[WhiteElo "2539"]
[BlackElo "2633"]
[EventDate "2019.03.18"]
[Board "13"]
[PlyCount "97"]

1.e4 c6 2.Nf3 d5 3.Nc3 Bg4 4.h3 Bxf3 5.Qxf3 e6 6.d4 Nf6 7.Bd3 dxe4 8.Nxe4 
Qxd4 9.O-O Be7 10.c3 Qa4 11.b3 Qa5 12.b4 Qc7 13.Bf4 e5 14.Bh2 Nd5 15.Rfe1 
Nd7 16.Rad1 O-O 17.Ng3 Rfe8 18.Bc4 N7b6 19.Bb3 Bf8 20.Nh5 Re6 21.a3 Qe7 
22.c4 Nc7 23.Qc3 g6 24.Ng3 f5 25.Nf1 Bg7 26.Ne3 e4 27.Qc2 Be5 28.c5 Nbd5 
29.Nxd5 Nxd5 30.Bxd5 cxd5 31.Rxd5 Bxh2+ 32.Kxh2 Re8 33.Qd2 Qc7+ 34.Kg1 
R8e7 35.Rd6 b6 36.Qd5 Kf7 37.g4 Kf6 38.Qd4+ Kf7 39.Qd5 Kf6 40.Qd4+ Kf7 41.
gxf5 gxf5 42.Qd5 Kf6 43.Kh1 bxc5 44.bxc5 Rxd6 45.cxd6 Qc3 46.dxe7 Qxh3+ 
47.Kg1 Qg4+ 48.Kf1 Qh3+ 49.Kg1 1/2-1/2

[Event "20th EUR-ch"]
[Site "Skopje MKD"]
[Date "2019.03.29"]
[Round "11"]
[White "Ragger, Markus"]
[Black "Pantsulaia, Levan"]
[Result "1-0"]
[WhiteElo "2696"]
[BlackElo "2611"]
[EventDate "2019.03.18"]
[Board "18"]
[PlyCount "65"]

1.e4 c5 2.Nf3 e6 3.d4 cxd4 4.Nxd4 a6 5.g3 Nf6 6.Bg2 Qc7 7.O-O h5 8.Qe2 Bc5
9.Nb3 Ba7 10.Bf4 e5 11.Bg5 d6 12.Nc3 Be6 13.Bxf6 gxf6 14.Rad1 h4 15.Qd3 
hxg3 16.hxg3 Nc6 17.Qxd6 Qxd6 18.Rxd6 Ke7 19.Rd2 Rag8 20.Nd5+ Bxd5 21.exd5
Rxg3 22.dxc6 Rhg8 23.Rfd1 Rxg2+ 24.Kf1 Rh2 25.cxb7 Rgg2 26.Nc5 f5 27.Rd7+ 
Kf6 28.R1d6+ Kg5 29.Rd2 e4 30.Rxf7 Kf4 31.Re2 Rg8 32.Rxe4+ Kg5 33.Re5 1-0

[Event "20th EUR-ch"]
[Site "Skopje MKD"]
[Date "2019.03.29"]
[Round "11"]
[White "Chigaev, Maxim"]
[Black "Korobov, Anton"]
[Result "1/2-1/2"]
[WhiteElo "2613"]
[BlackElo "2686"]
[EventDate "2019.03.18"]
[Board "19"]
[PlyCount "112"]

1.e4 c5 2.Nc3 e6 3.Nf3 Nc6 4.d4 cxd4 5.Nxd4 Nf6 6.a3 Be7 7.Be2 O-O 8.Be3 
d5 9.exd5 Nxd5 10.Nxd5 Qxd5 11.O-O Nxd4 12.Qxd4 Qxd4 13.Bxd4 Bd7 14.Bf3 
Bc6 15.Bxc6 bxc6 16.Rfd1 Rfd8 17.Kf1 f6 18.Be3 a6 19.Ke2 e5 20.Rd3 Rxd3 
21.cxd3 Rb8 22.b4 Kf7 23.Rc1 Rc8 24.d4 exd4 25.Bxd4 Bd6 26.Bc5 Be5 27.Rd1 
Ke6 28.g3 g5 29.h3 h5 30.Rd2 g4 31.hxg4 hxg4 32.Rc2 Kd5 33.Kd3 Rh8 34.Be3 
Bd6 35.Bd4 Rh3 36.Bxf6 Bxg3 37.Rc5+ Ke6 38.fxg3 Rxg3+ 39.Ke4 Kxf6 40.Rxc6+
Kg5 41.Rxa6 Rb3 42.Ra8 g3 43.Kd4 Kf4 44.Kc4 Rb1 45.Rf8+ Ke4 46.Rg8 Kf3 47.
a4 g2 48.Rxg2 Kxg2 49.a5 Kf3 50.a6 Ke4 51.Kc5 Rc1+ 52.Kb6 Kd5 53.a7 Ra1 
54.Kb7 Kc4 55.a8=Q Rxa8 56.Kxa8 Kxb4 1/2-1/2

[Event "20th EUR-ch"]
[Site "Skopje MKD"]
[Date "2019.03.29"]
[Round "11"]
[White "Dreev, Alexei"]
[Black "Zhigalko, Sergei"]
[Result "1-0"]
[WhiteElo "2662"]
[BlackElo "2604"]
[EventDate "2019.03.18"]
[Board "20"]
[PlyCount "89"]

1.d4 Nf6 2.Nf3 e6 3.c4 b6 4.a3 Bb7 5.Nc3 d5 6.Qc2 dxc4 7.e4 c5 8.Bf4 a6 9.
Bxc4 b5 10.Bb3 cxd4 11.Rd1 Nc6 12.O-O Rc8 13.e5 Nh5 14.Be3 Qc7 15.Nxd4 
Nxd4 16.Bxd4 Nf4 17.f3 Bc5 18.Qf2 O-O 19.Rfe1 Ng6 20.f4 Bxd4 21.Rxd4 Rfd8 
22.Rxd8+ Rxd8 23.f5 exf5 24.e6 f4 25.exf7+ Kf8 26.Qe2 Qc5+ 27.Kf1 Bc6 28.
Nd5 Qd6 29.h4 b4 30.a4 f3 31.gxf3 Qg3 32.Qe4 Qh3+ 33.Kf2 Qh2+ 34.Ke3 Bxd5 
35.Bxd5 Qxb2 36.Rd1 Qc3+ 37.Ke2 Qe5 38.Ke3 Qc3+ 39.Kf2 Ne7 40.Bc4 Qb2+ 41.
Kg3 Rb8 42.Qf4 Rc8 43.Qc7 Nf5+ 44.Kh3 Rxc7 45.Rd8+ 1-0

[Event "20th EUR-ch"]
[Site "Skopje MKD"]
[Date "2019.03.29"]
[Round "11"]
[White "Bartel, Mateusz"]
[Black "Kovalenko, Igor"]
[Result "1-0"]
[WhiteElo "2600"]
[BlackElo "2658"]
[EventDate "2019.03.18"]
[Board "21"]
[PlyCount "75"]

1.e4 c6 2.d4 d5 3.e5 Bf5 4.Nf3 e6 5.Be2 Nd7 6.O-O h6 7.a4 a5 8.Nbd2 Ne7 9.
Nb3 Qc7 10.Bd2 g5 11.Rc1 Bg7 12.Qe1 b6 13.c4 Qb7 14.cxd5 Nxd5 15.h4 f6 16.
exf6 Bxf6 17.Ne5 Bxe5 18.dxe5 c5 19.hxg5 hxg5 20.Bxg5 Nf8 21.f4 Ng6 22.Qg3
Kf7 23.Nd2 Rag8 24.Nc4 Kf8 25.Nd6 Qh7 26.Nxf5 exf5 27.Rcd1 Ngxf4 28.Rxf4 
Rxg5 29.Qxg5 Qh2+ 30.Kf2 Qxf4+ 31.Qxf4 Nxf4 32.Rd8+ Kg7 33.Rd7+ Kg6 34.Bc4
Rb8 35.Bf7+ Kg5 36.e6 Kf6 37.e7 Nd3+ 38.Rxd3 1-0

[Event "20th EUR-ch"]
[Site "Skopje MKD"]
[Date "2019.03.29"]
[Round "11"]
[White "Moiseenko, Olexandr"]
[Black "Georgiev, Kiril"]
[Result "1/2-1/2"]
[WhiteElo "2648"]
[BlackElo "2595"]
[EventDate "2019.03.18"]
[Board "22"]
[PlyCount "119"]

1.d4 Nf6 2.c4 e6 3.Nc3 Bb4 4.Nf3 b6 5.e3 Bb7 6.Bd3 O-O 7.O-O c5 8.Na4 cxd4
9.a3 Be7 10.exd4 d6 11.Re1 Nbd7 12.Be3 Ng4 13.Bf4 Re8 14.h3 Ngf6 15.Rc1 
Rc8 16.b4 Bf8 17.Nc3 a6 18.Bf1 g6 19.Nd2 e5 20.dxe5 Nxe5 21.Bg5 Be7 22.
Bxf6 Bxf6 23.Nde4 Bg5 24.Nxg5 Qxg5 25.Nd5 Nd7 26.f4 Qh4 27.Qg4 Qxg4 28.
Rxe8+ Rxe8 29.hxg4 h6 30.Rd1 Kf8 31.Nc3 Ke7 32.Kf2 g5 33.g3 Nf6 34.Be2 Rc8
35.Ke3 b5 36.Kd4 bxc4 37.Re1 Kf8 38.Rf1 gxf4 39.gxf4 Re8 40.Kxc4 Nd5 41.
Nxd5 Rxe2 42.Rd1 Rc2+ 43.Kd4 Ra2 44.Rd3 Rf2 45.Ke3 Rh2 46.Kd4 Rf2 47.Kc3 
Bc6 48.Ne3 Rxf4 49.Rxd6 Bb5 50.Rxh6 f6 51.Rh3 Kg7 52.Kb3 Kg6 53.a4 Bd7 54.
a5 Be6+ 55.Kc3 Re4 56.Rg3 Rf4 57.Rh3 Re4 58.Rg3 Rf4 59.Rh3 Re4 60.Rg3 
1/2-1/2

[Event "20th EUR-ch"]
[Site "Skopje MKD"]
[Date "2019.03.29"]
[Round "11"]
[White "Antipov, Mikhail"]
[Black "Kuzubov, Yuriy"]
[Result "0-1"]
[WhiteElo "2594"]
[BlackElo "2644"]
[EventDate "2019.03.18"]
[Board "23"]
[PlyCount "78"]

1.e4 e5 2.Bc4 Nf6 3.d3 c6 4.Nf3 d5 5.Bb3 Bb4+ 6.Bd2 Bxd2+ 7.Nbxd2 Qc7 8.
O-O O-O 9.Re1 a5 10.a4 Re8 11.d4 exd4 12.exd5 Rxe1+ 13.Qxe1 cxd5 14.Bxd5 
Bd7 15.Bb3 Nc6 16.Ne4 Qf4 17.Nxf6+ Qxf6 18.Qd2 Bg4 19.Ng5 h6 20.Ne4 Qg6 
21.Re1 Rd8 22.Qf4 Be6 23.Bxe6 Qxe6 24.Qd2 Qa2 25.Qf4 Qxb2 26.Nd6 Rf8 27.h4
Qxc2 28.Rc1 Qe2 29.Rc5 d3 30.Rd5 Ne7 31.Rd4 Ng6 32.Qe3 Qxe3 33.fxe3 Ne5 
34.Nxb7 Rb8 35.Nxa5 Ng4 36.g3 Rb1+ 37.Kg2 Rb2+ 38.Kf3 f5 39.Nc4 Rf2# 0-1

[Event "20th EUR-ch"]
[Site "Skopje MKD"]
[Date "2019.03.29"]
[Round "11"]
[White "Alexeev, Evgeny"]
[Black "Huzman, Alexander"]
[Result "1-0"]
[WhiteElo "2640"]
[BlackElo "2582"]
[EventDate "2019.03.18"]
[Board "24"]
[PlyCount "89"]

1.c4 g6 2.Nc3 c5 3.g3 Bg7 4.Bg2 Nc6 5.d3 e6 6.Nh3 Nge7 7.Nf4 a6 8.Qd2 b5 
9.Ne4 d6 10.Rb1 Bb7 11.O-O O-O 12.b3 Qd7 13.Bb2 e5 14.Nd5 f5 15.Nec3 Nxd5 
16.cxd5 Ne7 17.f4 exf4 18.gxf4 b4 19.Na4 Nxd5 20.Bxd5+ Bxd5 21.Nb6 Qe6 22.
Bxg7 Kxg7 23.Nxa8 Bxa8 24.Kf2 Qd5 25.Rg1 Re8 26.Qb2+ Kf7 27.Rg3 Qe6 28.
Rbg1 Qf6 29.Qxf6+ Kxf6 30.Rh3 Re7 31.Re3 Ra7 32.Re8 a5 33.d4 cxd4 34.Rd1 
Be4 35.Rxd4 d5 36.Rc8 Ra6 37.h4 h6 38.Rd1 g5 39.hxg5+ hxg5 40.fxg5+ Kxg5 
41.Ke3 a4 42.Rg1+ Kf6 43.Kf4 axb3 44.Rcg8 bxa2 45.R8g7 1-0

[Event "20th EUR-ch"]
[Site "Skopje MKD"]
[Date "2019.03.29"]
[Round "11"]
[White "Ter-Sahakian, Samvel"]
[Black "Volokytin, Andriy"]
[Result "0-1"]
[WhiteElo "2590"]
[BlackElo "2635"]
[EventDate "2019.03.18"]
[Board "25"]
[PlyCount "86"]

1.e4 e5 2.Nf3 Nf6 3.Nxe5 d6 4.Nf3 Nxe4 5.Nc3 Nxc3 6.dxc3 Be7 7.Be3 O-O 8.
Qd2 Nd7 9.O-O-O c6 10.Kb1 d5 11.h4 Re8 12.h5 h6 13.Nd4 Nc5 14.g4 Ne4 15.
Qc1 c5 16.Nf5 Bxf5 17.gxf5 Qb6 18.Ka1 Bf6 19.Rg1 Nxc3 20.Rd3 Rxe3 21.fxe3 
Na4 22.Rb3 Qa5 23.c4 Rd8 24.Rg2 d4 25.e4 Kh7 26.Bd3 Qc7 27.Qe1 Re8 28.Qg3 
Be5 29.Qg4 Kh8 30.Ra3 b5 31.Rc2 Qa5 32.Kb1 b4 33.f6 Rg8 34.Rb3 gxf6 35.Qd7
Rg1+ 36.Rc1 Rg2 37.Qxf7 Nc3+ 38.Rcxc3 dxc3 39.Qf8+ Kh7 40.Qf7+ Rg7 41.Qe6 
Rg1+ 42.Kc2 Qxa2 43.Bf1 cxb2 0-1

[Event "20th EUR-ch"]
[Site "Skopje MKD"]
[Date "2019.03.29"]
[Round "11"]
[White "Hovhannisian, Robert"]
[Black "Halkias, Stelios"]
[Result "1/2-1/2"]
[WhiteElo "2634"]
[BlackElo "2552"]
[EventDate "2019.03.18"]
[Board "26"]
[PlyCount "230"]

1.e4 e5 2.Nf3 Nc6 3.Bb5 a6 4.Ba4 Nf6 5.Nc3 b5 6.Bb3 Be7 7.O-O d6 8.a3 O-O 
9.d3 Nb8 10.Bd2 Nbd7 11.a4 b4 12.Nd5 a5 13.Be3 c6 14.Nxe7+ Qxe7 15.Nh4 Nc5
16.Bxc5 dxc5 17.f4 Ng4 18.Qe1 c4 19.Bxc4 Qa7+ 20.Kh1 Ne3 21.f5 Nxf1 22.
Qxf1 Qe7 23.Nf3 Bd7 24.g4 g5 25.h4 gxh4 26.Qc1 Kg7 27.g5 f6 28.Qe3 fxg5 
29.Rg1 Kh8 30.Rxg5 c5 31.Nxh4 Be8 32.Rg4 Bf7 33.Qh6 Rg8 34.Ng6+ Rxg6 35.
fxg6 Bxc4 36.dxc4 Rg8 37.Qh5 Rg7 38.Kh2 Qd6 39.Kh3 Qd4 40.Qf5 Qe3+ 41.Rg3 
Qh6+ 42.Kg2 Qd2+ 43.Qf2 Qxf2+ 44.Kxf2 Rxg6 45.Rd3 Rh6 46.Kg3 Rh1 47.Rd5 
Rc1 48.Rxe5 Rxc2 49.Rxc5 b3 50.Kf4 Rxb2 51.Rxa5 Rc2 52.c5 b2 53.Rb5 Kg7 
54.c6 Kf6 55.c7 Rxc7 56.Rxb2 Ra7 57.e5+ Ke6 58.Rb6+ Ke7 59.Rb4 Ke6 60.Rb6+
Ke7 61.Kf5 Rxa4 62.Rb7+ Kf8 63.Kf6 Rf4+ 64.Ke6 Re4 65.Rxh7 Re1 66.Rf7+ Ke8
67.Ra7 Kf8 68.Ra2 Re3 69.Ra8+ Kg7 70.Kd6 Kf7 71.Ra7+ Ke8 72.Re7+ Kf8 73.
Rb7 Ke8 74.Ke6 Kf8 75.Rb1 Re2 76.Rb8+ Kg7 77.Re8 Ra2 78.Rd8 Re2 79.Rd5 Kf8
80.Rd3 Re1 81.Rf3+ Ke8 82.Rh3 Kf8 83.Rh2 Re3 84.Rd2 Re1 85.Kd6 Kf7 86.Rf2+
Ke8 87.Rh2 Kf7 88.Rh7+ Ke8 89.Rh6 Re2 90.Re6+ Kd8 91.Rg6 Ke8 92.Rg7 Re1 
93.Ke6 Kf8 94.Rg4 Re2 95.Rf4+ Ke8 96.Kf6 Re1 97.Ra4 Re2 98.Ra1 Re3 99.Ra6 
Re1 100.Re6+ Kf8 101.Re7 Re2 102.Rf7+ Ke8 103.Rc7 Re1 104.Ke6 Kf8 105.Rc8+
Kg7 106.Re8 Ra1 107.Re7+ Kf8 108.Rd7 Re1 109.Rd8+ Kg7 110.Rd5 Kf8 111.Kd7 
Kf7 112.Kd6 Re3 113.Rd1 Re2 114.Rf1+ Ke8 115.e6 Rd2+ 1/2-1/2

[Event "20th EUR-ch"]
[Site "Skopje MKD"]
[Date "2019.03.29"]
[Round "11"]
[White "Kobalia, Mikhail"]
[Black "Demuth, Adrien"]
[Result "1/2-1/2"]
[WhiteElo "2627"]
[BlackElo "2510"]
[EventDate "2019.03.18"]
[Board "27"]
[PlyCount "156"]

1.e4 e5 2.Nf3 Nc6 3.Bb5 g6 4.c3 a6 5.Bc4 Bg7 6.d4 exd4 7.cxd4 b5 8.Be2 d6 
9.d5 Nce7 10.a4 b4 11.Nbd2 Nf6 12.Qc2 Bb7 13.O-O O-O 14.Rd1 c6 15.dxc6 
Bxc6 16.e5 dxe5 17.Nxe5 Bb7 18.Ndc4 Qc7 19.Bf4 Nfd5 20.Bf3 Rac8 21.Qc1 
Nxf4 22.Qxf4 Bxf3 23.Rd7 Bxe5 24.Nxe5 Nd5 25.Rxc7 Nxf4 26.Rxc8 Rxc8 27.
Nxf3 Rc2 28.b3 Nd3 29.Nd4 Rb2 30.h3 Nc5 31.Rc1 Nxb3 32.Nxb3 Rxb3 33.Rc6 
Rb1+ 34.Kh2 Rf1 35.Rxa6 Rxf2 36.Rb6 Rb2 37.h4 b3 38.Kh3 Kg7 39.a5 Ra2 40.
Rxb3 Rxa5 41.Rb2 Ra3+ 42.g3 Re3 43.Kg2 Re4 44.Kf3 Rc4 45.Ra2 h6 46.Ra5 
Rc3+ 47.Kf2 Rc6 48.Kg2 Kf6 49.Kf3 Ke6 50.Kf2 f5 51.Rb5 Kf6 52.Ra5 Rb6 53.
Kg2 g5 54.hxg5+ hxg5 55.Ra2 Rd6 56.Kf2 Rd3 57.Ra6+ Ke5 58.g4 f4 59.Rg6 Ke4
60.Re6+ Kd4 61.Rg6 Rd2+ 62.Kf3 Rd3+ 63.Kf2 Ra3 64.Rxg5 Ke4 65.Rb5 Ra2+ 66.
Kf1 f3 67.g5 Ke3 68.Rb1 Rh2 69.Kg1 Rh5 70.g6 f2+ 71.Kg2 Rg5+ 72.Kh2 Rxg6 
73.Rb3+ Ke4 74.Rb4+ Kd3 75.Rb3+ Kc2 76.Rf3 Rd6 77.Rxf2+ Rd2 78.Rxd2+ Kxd2 
1/2-1/2

[Event "20th EUR-ch"]
[Site "Skopje MKD"]
[Date "2019.03.29"]
[Round "11"]
[White "Demidov, Mikhail"]
[Black "Onischuk, Volodymyr"]
[Result "1/2-1/2"]
[WhiteElo "2520"]
[BlackElo "2626"]
[EventDate "2019.03.18"]
[Board "28"]
[PlyCount "144"]

1.d4 d6 2.e4 Nf6 3.Nc3 g6 4.f4 Bg7 5.Nf3 O-O 6.Bd3 Na6 7.O-O c5 8.d5 Bg4 
9.Kh1 Nc7 10.h3 Bxf3 11.Qxf3 a6 12.a4 Rb8 13.a5 e6 14.dxe6 Nxe6 15.Bc4 Nd4
16.Qf2 Qd7 17.Be3 Rbe8 18.Bd3 Qc7 19.Rae1 Qxa5 20.f5 Qd8 21.Bg5 h6 22.Bxf6
Bxf6 23.Nd5 Kg7 24.Re3 Bg5 25.f6+ Kh7 26.Ree1 Re5 27.c3 Ne6 28.Be2 h5 29.
h4 Bd2 30.Rd1 Bh6 31.g4 hxg4 32.Bxg4 Rxd5 33.exd5 Nf4 34.Qg3 Qxf6 35.Rde1 
Kg7 36.Rf3 Rh8 37.Kg1 g5 38.Re4 Qg6 39.Bf5 gxh4 40.Bxg6 hxg3 41.Bf5 Kf6 
42.Bd7 b5 43.b3 Rh7 44.c4 Bg5 45.Rexf4+ Bxf4 46.Rxf4+ Ke5 47.Rf5+ Ke4 48.
Rf1 Rg7 49.Kg2 bxc4 50.bxc4 Kd4 51.Rf6 Rg6 52.Rf4+ Kc3 53.Be8 Rg8 54.Bc6 
a5 55.Rxf7 Kxc4 56.Rd7 Rg6 57.Ra7 Kb4 58.Rb7+ Kc3 59.Ra7 Kb4 60.Rb7+ Kc3 
61.Rb5 a4 62.Ra5 c4 63.Rxa4 Kb3 64.Ra6 c3 65.Bd7 Rg5 66.Rxd6 c2 67.Rb6+ 
Ka2 68.Rc6 Kb2 69.d6 Rd5 70.Rb6+ Ka3 71.Rc6 Rxd6 72.Rxc2 Rxd7 1/2-1/2

[Event "20th EUR-ch"]
[Site "Skopje MKD"]
[Date "2019.03.29"]
[Round "11"]
[White "Stupak, Kirill"]
[Black "Sarana, Alexei"]
[Result "1/2-1/2"]
[WhiteElo "2537"]
[BlackElo "2625"]
[EventDate "2019.03.18"]
[Board "29"]
[PlyCount "134"]

1.d4 Nf6 2.c4 e6 3.Nf3 d5 4.Nc3 Bb4 5.Qa4+ Nc6 6.e3 O-O 7.Qc2 dxc4 8.Bxc4 
a6 9.a3 Bd6 10.O-O e5 11.h3 Bd7 12.Rd1 Qe7 13.d5 Na7 14.e4 Nh5 15.Bd3 Nb5 
16.Ne2 g6 17.Bh6 Ng7 18.Ng3 c5 19.dxc6 Bxc6 20.Bc4 Kh8 21.Qb3 Rad8 22.Bd5 
Bxd5 23.Rxd5 Rfe8 24.Bxg7+ Kxg7 25.Rad1 Nc7 26.R5d2 Ne6 27.Ne2 Bc5 28.Rxd8
Rxd8 29.Rxd8 Nxd8 30.Nc3 Nc6 31.Nd5 Qd7 32.Qc3 Qd6 33.b4 Ba7 34.Kf1 f6 35.
Ke2 Qd7 36.Qc4 Nd8 37.Qc7 Qxc7 38.Nxc7 Kf7 39.Nd2 Ne6 40.Nxe6 Kxe6 41.Nb3 
b5 42.f3 f5 43.g3 Kf6 44.Nc1 Bb6 45.Nd3 Bd4 46.Kf1 Kg5 47.Kg2 h6 48.Kh2 
Kf6 49.Kg2 Be3 50.Kf1 Bb6 51.Nc1 Bc7 52.Nb3 Bb6 53.Nc1 Ke6 54.Nd3 a5 55.
Kg2 a4 56.Kf1 Be3 57.Ke2 Bd4 58.Kf1 Kf6 59.Kg2 Kg5 60.Kh2 Be3 61.Kg2 f4 
62.g4 Kh4 63.Kh2 Bd2 64.Kg2 Kg5 65.Kh2 Kf6 66.Kg2 Ke7 67.Kf2 Bc3 1/2-1/2

[Event "20th EUR-ch"]
[Site "Skopje MKD"]
[Date "2019.03.29"]
[Round "11"]
[White "Postny, Evgeny"]
[Black "Pultinevicius, Paulius"]
[Result "0-1"]
[WhiteElo "2619"]
[BlackElo "2439"]
[EventDate "2019.03.18"]
[Board "30"]
[PlyCount "84"]

1.d4 Nf6 2.c4 g6 3.Nf3 Bg7 4.e3 O-O 5.Be2 b6 6.O-O Bb7 7.Nc3 e6 8.b3 Qe7 
9.Bb2 d6 10.Qc2 Nbd7 11.e4 a6 12.Rfe1 c5 13.d5 exd5 14.exd5 Rae8 15.Rad1 
Bc8 16.h3 Qd8 17.Nh2 Re7 18.Rf1 Rfe8 19.f4 Re3 20.Bf3 Nf8 21.Qf2 Nh5 22.
Bxh5 gxh5 23.Qc2 Qh4 24.Na4 Bxb2 25.Qxb2 Bxh3 26.Nf3 Qxf4 27.Nxb6 Ng6 28.
Rde1 Nh4 29.Rxe3 Qxe3+ 30.Rf2 Nxf3+ 31.gxf3 Qg5+ 32.Kh2 h4 33.Qd2 Qg3+ 34.
Kh1 Re5 35.Nd7 Rg5 36.Nf6+ Kh8 37.Ng4 Bxg4 38.fxg4 Qh3+ 39.Kg1 Rxg4+ 40.
Rg2 Rxg2+ 41.Qxg2 Qxg2+ 42.Kxg2 Kg7 0-1

[Event "20th EUR-ch"]
[Site "Skopje MKD"]
[Date "2019.03.29"]
[Round "11"]
[White "Martirosian, Haik"]
[Black "Sychev, Klementy"]
[Result "1-0"]
[WhiteElo "2616"]
[BlackElo "2545"]
[EventDate "2019.03.18"]
[Board "31"]
[PlyCount "97"]

1.d4 Nf6 2.Nf3 g6 3.b3 Bg7 4.Bb2 b6 5.c4 Bb7 6.e3 e6 7.Be2 O-O 8.O-O d6 9.
Nc3 Ne4 10.Qc2 f5 11.d5 Nxc3 12.Bxc3 e5 13.b4 Nd7 14.Nd2 Nf6 15.a4 Rb8 16.
f4 Nd7 17.Nf3 Re8 18.Ng5 Nf8 19.Bd3 Bf6 20.Nh3 Bc8 21.Nf2 exf4 22.exf4 Bd7
23.c5 bxc5 24.bxc5 dxc5 25.Bc4 Kg7 26.Nd3 Bxc3 27.Qxc3+ Qf6 28.Ne5 Re7 29.
a5 Be8 30.Rfe1 Rb4 31.g3 h6 32.Bf1 Nd7 33.Rac1 Kg8 34.Bc4 Kh7 35.Nc6 Rxe1+
36.Qxe1 Bf7 37.Nxb4 cxb4 38.d6 Bxc4 39.dxc7 Ba6 40.Qxb4 Bc8 41.Re1 Kg8 42.
Re8+ Kf7 43.Rxc8 Qa1+ 44.Kg2 Qa2+ 45.Kf1 Qd5 46.Rf8+ Nxf8 47.c8=Q Qf3+ 48.
Ke1 Qe4+ 49.Qxe4 1-0

[Event "20th EUR-ch"]
[Site "Skopje MKD"]
[Date "2019.03.29"]
[Round "11"]
[White "Grigoriants, Sergey"]
[Black "Melkumian, Hrant"]
[Result "0-1"]
[WhiteElo "2543"]
[BlackElo "2661"]
[EventDate "2019.03.18"]
[Board "33"]
[PlyCount "94"]

1.Nf3 d5 2.d4 Nf6 3.c4 e6 4.g3 dxc4 5.Bg2 c6 6.O-O b5 7.b3 cxb3 8.axb3 
Nbd7 9.Bd2 a5 10.b4 a4 11.Qc2 Bb7 12.e4 Be7 13.Bc3 O-O 14.Nbd2 Qb6 15.Qb2 
Rfd8 16.Ne1 Nf8 17.Nd3 Bc8 18.h3 Bd7 19.Kh2 Be8 20.f4 N6d7 21.Rfe1 f6 22.
Nf3 Bf7 23.h4 Qc7 24.Qf2 Nb6 25.Re2 Nc4 26.Bh3 a3 27.Nd2 e5 28.fxe5 Nxe5 
29.Nxe5 fxe5 30.Nf3 exd4 31.Nxd4 Bf6 32.e5 Bxe5 33.Rae1 Bf6 34.Ne6 Bxe6 
35.Bxf6 gxf6 36.Bxe6+ Nxe6 37.Rxe6 a2 38.Ra1 Qa7 39.Qf4 Qg7 40.Re2 Qf7 41.
Qf3 Re8 42.Rc2 Ra6 43.Qg2 Rea8 44.Qf3 Qe6 45.Re2 Ra3 46.Qh5 Re3 47.Rd2 
Rxg3 0-1

[Event "20th EUR-ch"]
[Site "Skopje MKD"]
[Date "2019.03.29"]
[Round "11"]
[White "Alexeenko, Kirill"]
[Black "Moroni, Luca jr"]
[Result "1/2-1/2"]
[WhiteElo "2644"]
[BlackElo "2564"]
[EventDate "2019.03.18"]
[Board "34"]
[PlyCount "59"]

1.e4 e5 2.Nf3 Nc6 3.Bb5 a6 4.Ba4 Nf6 5.O-O Be7 6.Re1 b5 7.Bb3 d6 8.c3 O-O 
9.h3 Nb8 10.d4 Nbd7 11.Nbd2 Bb7 12.Bc2 Re8 13.a4 Bf8 14.Bd3 c6 15.b3 g6 
16.Bb2 Bg7 17.Qc2 Qb6 18.b4 Nh5 19.Bf1 Rac8 20.axb5 cxb5 21.d5 Ng3 22.Bd3 
Rf8 23.Nf1 Nxf1 24.Rxf1 Bh6 25.Nh2 Qc7 26.Ng4 Bg7 27.Ne3 Bh6 28.Ng4 Bg7 
29.Ne3 Bh6 30.Ng4 1/2-1/2

[Event "20th EUR-ch"]
[Site "Skopje MKD"]
[Date "2019.03.29"]
[Round "11"]
[White "Zhigalko, Andrei"]
[Black "Yilmaz, Mustafa"]
[Result "1/2-1/2"]
[WhiteElo "2541"]
[BlackElo "2636"]
[EventDate "2019.03.18"]
[Board "35"]
[PlyCount "79"]

1.d4 Nf6 2.c4 e6 3.Nc3 c5 4.d5 exd5 5.cxd5 d6 6.Nf3 g6 7.Nd2 Bg7 8.Nc4 O-O
9.Bf4 Ne8 10.e3 Nd7 11.Nxd6 Nxd6 12.Bxd6 Bxc3+ 13.bxc3 Qf6 14.Bxf8 Qxc3+ 
15.Ke2 Qb2+ 16.Ke1 Qc3+ 17.Ke2 Qb2+ 18.Kf3 Kxf8 19.Qc1 Qe5 20.Ke2 b6 21.f3
Nf6 22.Kf2 Nxd5 23.Bc4 Nc3 24.a4 Bd7 25.Qc2 Bf5 26.Qd2 Qf6 27.Rhc1 Ne4+ 
28.fxe4 Be6+ 29.Kg1 Bxc4 30.Qc3 Qxc3 31.Rxc3 Be6 32.a5 Rb8 33.axb6 axb6 
34.Rb1 c4 35.Rc2 Ke7 36.Rcb2 Kd6 37.Rxb6+ Rxb6 38.Rxb6+ Ke5 39.Kf2 Kxe4 
40.Ke2 1/2-1/2

[Event "20th EUR-ch"]
[Site "Skopje MKD"]
[Date "2019.03.29"]
[Round "11"]
[White "Shevchenko, Kirill"]
[Black "Salgado Lopez, Ivan"]
[Result "1/2-1/2"]
[WhiteElo "2535"]
[BlackElo "2622"]
[EventDate "2019.03.18"]
[Board "36"]
[PlyCount "45"]

1.d4 e6 2.c4 b6 3.Nf3 Bb7 4.Nc3 Nf6 5.a3 d5 6.cxd5 Nxd5 7.Qc2 Nxc3 8.bxc3 
Be7 9.e4 O-O 10.Bd3 c5 11.O-O Qc7 12.Qe2 Rd8 13.Bb2 Bf6 14.Rad1 Nd7 15.
Rfe1 Rac8 16.h3 Nf8 17.Qe3 Ng6 18.g3 Nf8 19.h4 Nd7 20.Qe2 Nf8 21.Qe3 Nd7 
22.Qe2 Nf8 23.Qe3 1/2-1/2

[Event "20th EUR-ch"]
[Site "Skopje MKD"]
[Date "2019.03.29"]
[Round "11"]
[White "Vocaturo, Daniele"]
[Black "Lomasov, Semyon"]
[Result "1-0"]
[WhiteElo "2616"]
[BlackElo "2559"]
[EventDate "2019.03.18"]
[Board "38"]
[PlyCount "89"]

1.d4 Nf6 2.c4 e6 3.Nc3 Bb4 4.e3 c5 5.Bd3 Nc6 6.Nf3 Bxc3+ 7.bxc3 d6 8.e4 e5
9.d5 Ne7 10.Nh4 h6 11.Bd2 g5 12.Qf3 Ng6 13.Nxg6 fxg6 14.h4 g4 15.Qd1 Kf7 
16.Rb1 b6 17.Be3 Kg7 18.Rb2 Bd7 19.a4 Qe8 20.Qa1 Bxa4 21.Ra2 Bd7 22.Rxa7 
Rxa7 23.Qxa7 Qa8 24.Qxb6 Qa1+ 25.Qb1 Qxc3+ 26.Bd2 Qa3 27.O-O Rf8 28.g3 Nh7
29.Be2 g5 30.Qb6 Qa2 31.Bc3 Rf6 32.Bb2 Qa8 33.Ra1 Qe8 34.Ra7 h5 35.Qc7 Nf8
36.hxg5 Rg6 37.Bc1 Kg8 38.Bd1 Kh8 39.Be3 Kg8 40.Rb7 Qa8 41.Rb8 Qa1 42.Qxd7
Qxd1+ 43.Kh2 h4 44.Qf5 hxg3+ 45.fxg3 1-0

[Event "20th EUR-ch"]
[Site "Skopje MKD"]
[Date "2019.03.29"]
[Round "11"]
[White "Baron, Tal"]
[Black "Bindrich, Falko"]
[Result "1/2-1/2"]
[WhiteElo "2506"]
[BlackElo "2610"]
[EventDate "2019.03.18"]
[Board "39"]
[PlyCount "20"]

1.d4 Nf6 2.Nf3 d5 3.Bf4 e6 4.e3 Bd6 5.Bxd6 Qxd6 6.c4 dxc4 7.Nbd2 O-O 8.
Nxc4 Qe7 9.Be2 Nbd7 10.O-O b6 1/2-1/2